000 00510nam a2200193Ia 4500
001 12386
003 GE_BSU
008 181216s||||||||xx |||||||||||||| ||und||
040 _cGE_BSU
080 _a575.2
245 _aТеория химического матагенеза
245 _cРед.И.П.Ермаков
260 _aМосква
260 _bНаука
260 _c1971
300 _a255стр.22см.
653 _aТеория химического матагенеза
942 _cBK
999 _c45560
_d45560